| 000 | 00456nam a2200181Ia 4500 | ||
|---|---|---|---|
| 008 | 230125s9999 xx 000 0 und d | ||
| 041 | _aeng | ||
| 082 |
_a491.4603 _bBEL |
||
| 100 |
_aBelasare K _9112604 |
||
| 245 | _aSarth Shrimat Dasbodha | ||
| 250 | _a12th Ed. | ||
| 260 |
_c1998 _bShri samarth seva mandal _aPune |
||
| 300 | _a1054p | ||
| 500 | _aMarathi book,Dasbodha | ||
| 650 | _aGeneral | ||
| 700 |
_aBelasare K _9112604 |
||
| 999 |
_c89585 _d89585 |
||